|
|
|
|
| LEADER |
01722ncm a2200505 a 4500 |
| 001 |
nkc20102031524 |
| 003 |
CZ PrNK |
| 005 |
20220210152511.0 |
| 007 |
qu |
| 008 |
120830s2010 xr zzz g nn zxx |
| 015 |
|
|
|a cnb002031524
|
| 024 |
2 |
|
|a 979-0-706532-20-2
|q (brož.)
|
| 040 |
|
|
|a ABA001
|b cze
|
| 041 |
0 |
|
|g cze
|
| 045 |
|
|
|a x-y-
|
| 048 |
|
|
|a ka01
|
| 072 |
|
7 |
|a 786
|x Hudba pro klávesové nástroje
|2 Konspekt
|9 9
|
| 080 |
|
|
|a 781
|2 MRF
|
| 080 |
|
|
|a 781.66
|2 MRF
|
| 080 |
|
|
|a (075)78
|2 MRF
|
| 080 |
|
|
|a (076.5)
|2 MRF
|
| 100 |
1 |
|
|a Petrov, Vadim,
|d 1932-2020
|7 jn20000710471
|4 aut
|4 arr
|
| 245 |
1 |
0 |
|a Klavír a akordické značky.
|p Muzicírování
|h [hudebnina] /
|c Vadim Petrov
|
| 246 |
3 |
0 |
|a Muzicírování
|
| 250 |
|
|
|a 1. vyd.
|
| 260 |
|
|
|a Netolice :
|b Jc-Audio,
|c c2010
|
| 300 |
|
|
|a 1 učebnice (40 s.) ;
|c 30 cm
|
| 382 |
0 |
1 |
|a klavír
|n 1
|s 1
|
| 546 |
|
|
|a Úvodní texty česky
|
| 648 |
|
7 |
|a 20.-21. století
|7 ch462155
|2 czenas
|
| 650 |
0 |
7 |
|a hudební teorie
|7 ph114727
|2 czenas
|
| 650 |
0 |
7 |
|a hudební doprovody
|7 ph170441
|2 czenas
|
| 650 |
0 |
9 |
|a musical accompaniments
|2 eczenas
|
| 655 |
|
7 |
|a hudební doprovody
|7 fd1025544
|2 czenas
|
| 655 |
|
7 |
|a učebnice hudebních škol
|7 fd201986
|2 czenas
|
| 655 |
|
7 |
|a praktická cvičení
|7 fd133118
|2 czenas
|
| 655 |
|
9 |
|a textbooks (music schools)
|2 eczenas
|
| 655 |
|
9 |
|a problems, exercises, etc.
|2 eczenas
|
| 910 |
2 |
|
|a BOA001
|b Mus4-1292.075
|
| 990 |
|
|
|a MU
|
| 995 |
|
|
|a 01
|
| 991 |
|
|
|b 201209
|c NOV
|
| 925 |
|
|
|a klavír
|b Pf
|
| 996 |
6 |
|
|b 2610522384
|c Mus4-1292.075
|l MZK
|r Sklad / do 1 hodiny
|n 0
|p p.v.
|w 001283061
|u 000010
|a 1
|e BOA001
|j MZK50
|s P
|
| 996 |
7 |
|
|b 2610526389
|c Mus4-1292.075
|l MZK
|r Sklad / do 1 hodiny
|n 2
|p kup
|w 001283061
|u 000020
|a 1
|e BOA001
|j MZK50
|s A
|